Spatial Econometrics <A> Broad View
Salvato in:
| Autore principale: | |
|---|---|
| Natura: | Libro |
| Lingua: | inglese |
| Pubblicazione: |
Boston
now Publishers
2016
|
| Serie: | Foundations and Trends in Econometrics
8: 3-4 |
| Soggetti: | |
| Tags: |
Nessun Tag, puoi essere il primo ad aggiungerne!!
|
MARC
| LEADER | 00000nam a2200000 4500 | ||
|---|---|---|---|
| 001 | 0268770 | ||
| 005 | 20240306140437.7 | ||
| 020 | |a 978-1-68083-172-6 | ||
| 041 | 0 | |a eng | |
| 044 | |a US | ||
| 245 | 1 | 0 | |a Spatial Econometrics |b <A> Broad View |c Giuseppe Arbia |
| 264 | 1 | |a Boston |b now Publishers |c 2016 | |
| 300 | |a 124 s. | ||
| 490 | 1 | |a Foundations and Trends in Econometrics |v 8: 3-4 | |
| 830 | 0 | |a Foundations and Trends in Econometrics |v 8: 3-4 | |
| 610 | 2 | 0 | |a priestor |
| 610 | 2 | 0 | |a ekonometria |
| 610 | 2 | 0 | |a regresia |
| 610 | 2 | 0 | |a modely lineárne |
| 610 | 2 | 0 | |a modely regresné |
| 610 | 2 | 0 | |a modelovanie |
| 100 | 1 | |a Arbia, Giuseppe | |